000 00303nam a2200133Ia 4500
005 20251222144800.0
008 251222s9999||||xx |||||||||||||| ||spa||
020 _a84-7057-512-0
082 _a238.2/M86
100 _aMoro, Tomás
245 0 _aPiensa la muerte
264 _bCristiandad
942 _cLIB
999 _c19674
_d19674